Central Library OPAC University of Rajshahi

Social change in modern India / (Record no. 45176)

MARC details
000 -LEADER
fixed length control field 00718nam a2200241 a 4500
001 - CONTROL NUMBER
control field 45176
003 - CONTROL NUMBER IDENTIFIER
rucl marc code BD-RjUL
005 - DATE AND TIME OF LATEST TRANSACTION
control field 20211209053956.0
008 - FIXED-LENGTH DATA ELEMENTS--GENERAL INFORMATION
fixed length control field 160724r1973 enk||||| |||| 00| 0 eng d
020 ## - INTERNATIONAL STANDARD BOOK NUMBER
International Standard Book Number 05200014219
035 ## - SYSTEM CONTROL NUMBER
System control number (BD-RjUL)45294
040 ## - CATALOGING SOURCE
Original cataloging agency BD-RjUL
Language of cataloging eng
Transcribing agency BD-RjUL
Modifying agency BD-RjUL
041 ## - LANGUAGE CODE
Language code of text/sound track or separate title eng
082 ## - DEWEY DECIMAL CLASSIFICATION NUMBER
Edition number 23
Classification number 309.154
Author mark and year SRS 1973
100 ## - MAIN ENTRY--PERSONAL NAME
Personal name Srinivas, M. N.
9 (RLIN) 138391
245 10 - TITLE STATEMENT
Title Social change in modern India /
Statement of responsibility, etc. M. N. Srinivas
260 ## - PUBLICATION, DISTRIBUTION, ETC. (IMPRINT)
Place of publication, distribution, etc. London :
Name of publisher, distributor, etc. University of California Press,
Date of publication, distribution, etc. 1973
300 ## - PHYSICAL DESCRIPTION
Pagination xv, 194 :
Illustrations ill. ;
Size 13 cm.
500 ## - GENERAL NOTE
General note Includes Index
651 ## - SUBJECT ADDED ENTRY--GEOGRAPHIC NAME
Geographic name India
Form subdivision Social conditions
Chronological subdivision 1947-
9 (RLIN) 138392
Geographic name Inde
Form subdivision Conditions sociales
Chronological subdivision 1947-
9 (RLIN) 138393
942 ## - ADDED ENTRY ELEMENTS (KOHA)
Source of classification or shelving scheme Dewey Decimal Classification
Koha item type Books
Holdings
Lost status Source of classification or shelving scheme Damaged status Not for loan Collection code Permanent Location Current Location Shelving location Date acquired Source of acquisition Total Checkouts Full call number Date last seen Copy number Koha item type
  Dewey Decimal Classification     Non-fiction Central Library, University of Rajshahi Central Library, University of Rajshahi   08/06/1977 W.U.S.   309.154 SRS 1973 24/07/2016 C-2 Books